000
00311nam a2200133Ia 4500
008
150301s2013 xx 000 0 und d
082
_a
641.2
_b
BAG
100
_a
BAGCHI, S.N.
245
_a
TB. OF FOOD & BEVERAGE SERVICE
250
_a
3RD
260
_b
AMAN PUB. DELHI
_c
2013
300
_a
530
942
_2
ddc
_c
BK
999
_c
6997
_d
6997